000 02306nam a22002057a 4500
005 20260121095853.0
008 230727b ||||| |||| 00| 0 eng d
020 _a9780670098460
040 _cAL
041 _aEnglish
082 _223
_a820.33
_bRUSV
100 _aSalman Rushdie
_9252010
245 _aVictory city
260 _aHaryana
_bPenguin Random House
_c2023
300 _a342 p.
_bHB
_c24x15.6 cm.
365 _aBLCR-000026
_b₹560.00
_c
_d₹699.00
_e20%
_f15-07-2023
520 _aThe new novel from the Booker prize-winning & bestselling author Salman Rushdie The epic tale of a woman who breathes a fantastical empire into existence, only to be consumed by it over the centuries – from the transcendent imagination of Booker Prize-winning, internationally bestselling author Salman Rushdie. In the wake of an insignificant battle between two long-forgotten kingdoms in fourteenth-century southern India, a nine-year-old girl has a divine encounter that will change the course of history. After witnessing the death of her mother, the grief-stricken Pampa Kampana becomes a vessel for the Goddess, who begins to speak out of the girl’s mouth. Granting her powers beyond Pampa Kampana’s comprehension, the goddess tells her that she will be instrumental in the rise of a great city called Bisnaga – literally ‘victory city’ -the wonder of the world. Over the next two hundred and fifty years, Pampa Kampana’s life becomes deeply interwoven with Bisnaga’s, from its literal sowing out of a bag of magic seeds to its tragic ruination in the most human of ways: the hubris of those in power. Whispering Bisnaga and its citizens into existence, Pampa Kampana attempts to make good on the task that the Goddess set for her: to give women equal agency in a patriarchal world. But all stories have a way of getting away from their creator, and Bisnaga is no exception. As years pass, rulers come and go, battles are won and lost, and allegiances shift, the very fabric of Bisnaga becomes an ever more complex tapestry – with Pampa Kampana at its centre. Brilliantly styled as a translation of an ancient epic, this is a saga of love, adventure and myth that is in itself a testament to the power of storytelling.
650 _aEnglish Fiction
_9128598
942 _2ddc
_cBK
999 _c228175
_d228175